Les clubs français en finale de Ligue des Champions - Statistiques

Statistiques générales
  • Ce quiz a été pris 306 fois
  • Le résultat moyen est 4 sur 5
Statistiques - réponses
Nombre de finales (Nombre de titres) Réponses % Correct
2 (1) Olympique de Marseille
100%
1 (0) AS Monaco
80%
1 (0) AS Saint-Étienne
80%
2 (0) Stade de Reims
77%
1 (0) Paris SG
66%
Aucun quiz correspondant
Distribution des résultats
% des personnes avec chaque résultat
Percentile par nombre de réponses
Votre historique - résultats
Vous n’avez pas pris ce quiz